Estadísticas para Países que Vencen a Brasil

Haz click aquí para intentar la prueba.

Estadísticas generales

  • Esta prueba ha sido intentada 58 veces
  • La puntuación promedio es 8 de 16

Estadísticas de respuestas

PuestoCategoríaPaíses% Correcto
7Punto más al surChile | Argentina | Australia | Nueva Zelanda | Sudáfrica | Uruguay
100%
5Población más altaChina | India | Estados Unidos | Indonesia
98%
4Más países limítofesChina | Rusia | Francia
91%
2Más estrellas en
su bandera
Estados Unidos
79%
13Mayor tasa de asesinatosEl Salvador | Jamaica | Lesoto | Honduras | Belice | Venezuela | San Vicente y las Granadinas | Sudáfrica | San Cristóbal y Nieves | Bahamas | Trinidad y Tobago | México
77%
6Capital más alejada de las capitales de otros paísesAustralia | Nueva Zelanda | Timor Oriental | Palaos | Islandia
57%
2Más bosqueRusia
55%
2Más población cristianaEstados Unidos
47%
2# veces sede de la Copa Mundial de la FIFA masculina
(hasta 2026)
México
40%
2Más selva tropicalIndonesia
38%
2Más catedralesItalia
36%
4Más productor de plátanosIndia | China | Indonesia
21%
7Capital más recientePalaos | Myanmar | Nigeria | Estados Federados de Micronesia | Belice | Botsuana
21%
4Mayor productor de cacaoCosta de Marfil | Ghana | Indonesia
17%
2Mayor superficie cubierta por manglaresIndonesia
17%
2Mayor productor de hierroAustralia
9%

Distribución de puntuación

Porcentaje por número respondido

Porcentaje de gente con cada puntuación

Historial de tus puntuaciones

No has intentado esta prueba.